| 000 | 00350nam a2200109Ia 4500 | ||
|---|---|---|---|
| 008 | 171211s9999 xx 000 0 und d | ||
| 245 | 4 | _aThe Practice and Procedure of the Inter-American Court of Human Rights | |
| 245 | _cJo M. Pasqualucci | ||
| 260 | _c2003 | ||
| 650 | _xFamily and Friendship | ||
| 856 | _uhttp://down.ebook777.com/065/052153335X.pdf | ||
| 999 |
_c350265 _d350265 |
||